Winners of the Austrian Grand Prix - Statistics

General Stats
  • This quiz has been taken 5 times
  • The average score is 25 of 37
Answer Stats
Year Constructor Winner % Correct
1983 Renault Alain Prost
100%
1985 McLaren-TAG Alain Prost
100%
1986 McLaren-TAG Alain Prost
100%
2022 Ferrari Charles Leclerc
100%
2024 Mercedes George Russell
100%
2025 McLaren-Mercedes Lando Norris
100%
2016 Mercedes Lewis Hamilton
100%
2018 Red Bull Racing-TAG Heuer Max Verstappen
100%
2019 Red Bull Racing-Honda Max Verstappen
100%
2021 Red Bull Racing-Honda Max Verstappen
100%
2023 Red Bull Racing-Honda RBPT Max Verstappen
100%
2002 Ferrari Michael Schumacher
100%
2003 Ferrari Michael Schumacher
100%
2014 Mercedes Nico Rosberg
100%
2015 Mercedes Nico Rosberg
100%
1987 Williams-Honda Nigel Mansell
100%
2017 Mercedes Valtteri Bottas
100%
2020 Mercedes Valtteri Bottas
100%
1977 Shadow-Ford Alan Jones
80%
1979 Williams-Ford Alan Jones
80%
1998 McLaren-Mercedes Mika Hakkinen
80%
2000 McLaren-Mercedes Mika Hakkinen
80%
1984 McLaren-TAG Niki Lauda
80%
1972 Lotus-Ford Emerson Fittipaldi
60%
2001 McLaren-Mercedes David Coulthard
40%
1976 Penske-Ford John Watson
40%
1974 Brabham-Ford Carlos Reutemann
20%
1999 Ferrari Eddie Irvine
20%
1982 Lotus-Ford Elio de Angelis
20%
1970 Ferrari Jacky Ickx
20%
1997 Williams-Renault Jacques Villenueve
20%
1980 Renault Jean-Pierre Jabouille
20%
1971 BRM Jo Siffert
20%
1973 Lotus-Ford Ronnie Peterson
20%
1978 Lotus-Ford Ronnie Peterson
20%
1981 Ligier-Matra Jacque Laffite
0%
1975 March-Ford Vittorio Brambilla
0%
No matching quizzes found
Score Distribution
Percent of People with Each Score
Percentile by Number Answered
Your Score History
You have not taken this quiz